书目信息 |
| 题名: |
国际工程合同原理与实务
|
|
| 作者: | 邱闯 著 | |
| 分册: | ||
| 出版信息: | 北京 中国建筑工业出版社 2002.02 |
|
| 页数: | 669页 | |
| 开本: | 20cm | |
| 丛书名: | ||
| 单 册: | ||
| 中图分类: | F740.4 | |
| 科图分类: | ||
| 主题词: | 商业经济 | |
| 电子资源: | ||
| ISBN: | 7-112-04875-3 | |
| 000 | 00568nam0 2200193 45 | |
| 001 | 0257075657 | |
| 005 | 2002041115511565 | |
| 010 | @a7-112-04875-3@b精装@d55.00CNY | |
| 100 | @a20020411d2002 km y0chiy0120 ea | |
| 101 | 0 | @achi |
| 102 | @aCN@b110000 | |
| 200 | 1 | @a国际工程合同原理与实务@Aguo ji gong cheng he tong yuan li yu shi wu@f邱闯著@FQiu Chuang Zhu |
| 210 | @a北京@c中国建筑工业出版社@d2002.02 | |
| 215 | @a669页@d20cm | |
| 606 | 0 | @a商业经济 |
| 690 | @aF740.4@v3 | |
| 701 | 0 | @a邱闯@AQiu Chuang@4著 |
| 801 | 0 | @aCN@bPFT@c20020411 |
| 905 | @a10447@dF740.4@eQ712 | |
| 国际工程合同原理与实务/邱闯著.-北京:中国建筑工业出版社,2002.02 |
| 669页;20cm |
| ISBN 7-112-04875-3(精装):55.00CNY |
| ● |
| 相关链接 |
|
|
|
正题名:国际工程合同原理与实务
索取号:F740.4/Q712
 
预约/预借
| 序号 | 登录号 | 条形码 | 馆藏地/架位号 | 状态 | 备注 |
| 1 | 355207 | 203552075 | 社科库409/422社科库 35排3列1层/ [索取号:F740.4/Q712] | 在馆 | |
| 2 | 355208 | 203552084 | 社科库409/422社科库 35排3列1层/ [索取号:F740.4/Q712] | 在馆 | |
| 3 | 370228 | 203702289 | 社科库409/409社科库 48排2列5层/ [索取号:F740.4/Q712] | 在馆 | |
| 4 | 370229 | 203702298 | 社科库409/409社科库 48排2列5层/ [索取号:F740.4/Q712] | 在馆 | |
| 5 | 370230 | 203702305 | 社科库409/422社科库 35排3列1层/ [索取号:F740.4/Q712] | 在馆 |